| 000 | 00623nam a2200181Ia 4500 | ||
|---|---|---|---|
| 003 | GCL | ||
| 008 | 140319s9999 xx 000 0 ara d | ||
| 040 |
_aGCL / _cGCL |
||
| 082 | 0 | 4 |
_a910.953 _bش ر |
| 100 | 1 | _aشبلى النعمانى | |
| 245 | 1 | 0 |
_aرحالة هندى فى بلاد الشرق العربى / _cشبلى النعمانى |
| 260 |
_aالقاهرة : _bالمجلس الاعلى للثقافة ، _c2003 |
||
| 300 |
_a226 ص ؛ _c20 سم |
||
| 650 | 0 | 4 | _aالرحالة العرب |
| 650 | 0 | 4 | _aادب الرحلات |
| 650 | 0 | 4 | _aالشرق الادنى - علاقات خارجية |
| 942 |
_2ddc _cBK |
||
| 999 |
_c56817 _d56817 |
||